[Event "Porto Sant Elpidio op 21st"]
[Site "Porto Sant Elpidio"]
[Date "2018.11.25"]
[Round "5.2"]
[White "Mircoli, Filippo"]
[Black "Rinaudo, Sergio"]
[Result "0-1"]
[WhiteElo "1598"]
[BlackElo "2090"]
[PlyCount "60"]
[EventDate "2018.11.23"]
[EventType "swiss"]
[EventRounds "5"]
[EventCountry "ITA"]
[SourceTitle "EXT 2024"]
[Source "ChessBase"]
[SourceDate "2023.10.10"]
[SourceVersion "1"]
[SourceVersionDate "2023.10.10"]
[SourceQuality "1"]

1. d4 d5 2. Nf3 Nf6 3. e3 g6 4. c4 Bg7 5. Nc3 0-0 6. Bd3 a6 7. 0-0 dxc4 8. Bxc4 b5 9. Bd3 Bb7 10. a3 Nbd7 11. e4 c5 12. Be3 b4 13. axb4 cxb4 14. e5 Ng4 15. Ne4 Nxe3 16. fxe3 Qb6 17. b3 Bd5 18. Neg5 f6 19. e4 fxg5 20. exd5 g4 21. Bc4 gxf3 22. Kh1 fxg2+ 23. Kxg2 Qb7 24. Kg1 Nb6 25. Qg4 Kh8 26. Qe6 Nxc4 27. bxc4 b3 28. Rfb1 Qb4 29. Rxa6 Qxc4 30. Rxa8 Qxd4+ 0-1

[Event "Porto San Giorgio op 27th"]
[Site "Porto San Giorgio"]
[Date "2016.08.21"]
[Round "2"]
[White "Rinaudo, Sergio"]
[Black "Horvath, Csaba"]
[Result "0-1"]
[WhiteElo "2110"]
[BlackElo "2507"]
[PlyCount "66"]
[EventDate "2016.08.20"]
[EventType "swiss"]
[EventRounds "9"]
[EventCountry "ITA"]
[SourceTitle "CBM 174 Extra"]
[Source "ChessBase"]
[SourceDate "2016.10.10"]
[SourceVersion "1"]
[SourceVersionDate "2016.10.10"]
[SourceQuality "1"]

1. d4 Nf6 2. Nf3 g6 3. Nbd2 d5 4. e3 Bg7 5. c4 0-0 6. Bd3 c5 7. dxc5 Na6 8. 0-0 Nxc5 9. Bc2 b6 10. Rb1 dxc4 11. Nxc4 Ba6 12. b3 Nd5 13. Bb2 Nc3 14. Bxc3 Bxc3 15. Qc1 Bg7 16. Rd1 Qc7 17. e4 Rac8 18. Qg5 Bb7 19. Qe3 Rfd8 20. Rxd8+ Rxd8 21. b4 Ne6 22. Bb3 Nd4 23. Re1 Ba6 24. Ncd2 Nxb3 25. Qxb3 Qc3 26. Qa4 Qd3 27. Nf1 Bc3 28. Rc1 Bb2 29. Re1 Qa3 30. Qc2 Rc8 31. Qd1 Bc3 32. Re3 Qxb4 33. Qd7 Qb1 0-1

[Event "Chiuso ad Inviti Croce Verde 1st"]
[Site "Porto Sant Elpidio"]
[Date "2016.08.11"]
[Round "7"]
[White "Rinaudo, Sergio"]
[Black "Gattafoni, Alessio"]
[Result "1-0"]
[WhiteElo "2110"]
[BlackElo "2100"]
[PlyCount "103"]
[EventDate "2016.08.07"]
[EventType "tourn"]
[EventRounds "7"]
[EventCountry "ITA"]
[SourceTitle "EXT 2018"]
[Source "ChessBase"]
[SourceDate "2017.10.13"]
[SourceVersion "1"]
[SourceVersionDate "2017.10.13"]
[SourceQuality "1"]

1. d4 d5 2. Nf3 Nf6 3. c4 c6 4. e3 Bf5 5. Nc3 e6 6. Nh4 Bg4 7. Qb3 Qb6 8. Qxb6 axb6 9. f3 g5 10. fxg4 gxh4 11. cxd5 exd5 12. h3 h5 13. Be2 b5 14. 0-0 Be7 15. e4 b4 16. e5 bxc3 17. exf6 cxb2 18. Bxb2 Bb4 19. gxh5 Nd7 20. a3 Ba5 21. Rf4 Bd2 22. Rf5 Kf8 23. Rd1 Be3+ 24. Kh1 Re8 25. Bg4 Rh6 26. Rdf1 Nb6 27. Bc3 Re4 28. Rb1 Na4 29. Bb4+ Kg8 30. Be1 Bxd4 31. Bxh4 b5 32. Bg5 Rh8 33. Bf4 Nc3 34. Rc1 Kf8 35. Bd2 Ne2 36. Bxe2 Rxe2 37. Rxc6 Bxf6 38. Bb4+ Be7 39. Rxd5 Bxb4 40. Rc8+ Kg7 41. Rxh8 Bxa3 42. Rb8 b4 43. Rdb5 Bc1 44. g3 Bd2 45. h4 Re3 46. Kg2 Rd3 47. R8b7 Kf6 48. g4 Rd4 49. g5+ Kg7 50. Rf5 Rxh4 51. Rbxf7+ Kg8 52. Rf8+ 1-0

[Event "Chiuso ad Inviti Croce Verde 1st"]
[Site "Porto Sant Elpidio"]
[Date "2016.08.11"]
[Round "6"]
[White "Viviani, Alessio"]
[Black "Rinaudo, Sergio"]
[Result "1-0"]
[WhiteElo "2248"]
[BlackElo "2110"]
[PlyCount "145"]
[EventDate "2016.08.07"]
[EventType "tourn"]
[EventRounds "7"]
[EventCountry "ITA"]
[SourceTitle "EXT 2018"]
[Source "ChessBase"]
[SourceDate "2017.10.13"]
[SourceVersion "1"]
[SourceVersionDate "2017.10.13"]
[SourceQuality "1"]

1. Nf3 d5 2. g3 Nf6 3. Bg2 e6 4. 0-0 Be7 5. c4 0-0 6. d4 dxc4 7. Qc2 a6 8. a4 Nc6 9. Qxc4 Qd5 10. Qxd5 exd5 11. Bf4 Bg4 12. Rd1 Rac8 13. Nc3 Nb4 14. Ne5 Be6 15. a5 Nh5 16. Bd2 Rfd8 17. Rac1 Nf6 18. Na4 Ne4 19. Nc5 Bxc5 20. dxc5 Nxd2 21. Rxd2 f6 22. Nf3 Nc6 23. Nd4 Nxd4 24. Rxd4 b6 25. Ra4 bxc5 26. Rxc5 Rb8 27. b4 c6 28. Ra1 Rd6 29. Rb1 Kf7 30. e3 Ke7 31. Bf1 Bc8 32. Bd3 h6 33. Kf1 Re6 34. Ke1 Kd6 35. Rbc1 Bb7 36. Bxa6 Bxa6 37. Rxc6+ Kd7 38. Rxe6 Kxe6 39. Rc6+ Ke5 40. Rxa6 Rxb4 41. Ra7 g5 42. Re7+ Kf5 43. a6 Rb1+ 44. Ke2 Rb2+ 45. Kf3 g4+ 46. Kg2 Ra2 47. a7 h5 48. Kf1 Kg6 49. Ke1 f5 50. Kd1 Kf6 51. Rb7 Ke5 52. Re7+ Kf6 53. Rh7 Ke5 54. Rxh5 Ke4 55. h3 gxh3 56. Rxh3 Kf3 57. g4+ Ke4 58. gxf5 Kxf5 59. Rh7 Ke4 60. Kc1 Kf3 61. Kb1 Ra5 62. Rf7+ Ke4 63. Kc2 Ra3 64. Kb2 Ra6 65. Kc3 Ra2 66. Kb3 Ra1 67. Kb4 Ra2 68. Kc5 Ra5+ 69. Kb6 Ra2 70. Kb7 Rb2+ 71. Kc8 Ra2 72. Kb8 Rb2+ 73. Rb7 1-0

[Event "Chiuso ad Inviti Croce Verde 1st"]
[Site "Porto Sant Elpidio"]
[Date "2016.08.07"]
[Round "1"]
[White "Rinaudo, Andrea"]
[Black "Rinaudo, Sergio"]
[Result "1-0"]
[WhiteElo "1943"]
[BlackElo "2110"]
[PlyCount "73"]
[EventDate "2016.08.07"]
[EventType "tourn"]
[EventRounds "7"]
[EventCountry "ITA"]
[SourceTitle "EXT 2018"]
[Source "ChessBase"]
[SourceDate "2017.10.13"]
[SourceVersion "1"]
[SourceVersionDate "2017.10.13"]
[SourceQuality "1"]

1. c4 e6 2. g3 d5 3. Bg2 Nf6 4. Nf3 Be7 5. 0-0 0-0 6. cxd5 exd5 7. d4 Bf5 8. Qb3 Qc8 9. Nc3 c6 10. Bf4 Ne4 11. Rac1 Nxc3 12. Rxc3 Be4 13. h4 Bf6 14. Rd1 Na6 15. Kh2 Qd7 16. Bh3 Qe7 17. Re3 Rfe8 18. Be5 Bxe5 19. Nxe5 Qb4 20. Qc3 f6 21. Nd7 Qa4 22. Ra1 Rad8 23. a3 Qb5 24. Rc1 Qa4 25. Qb3 Qxb3 26. Rxb3 Re7 27. Rxb7 Kf7 28. Rxc6 Nb8 29. Rxb8 Rexd7 30. Rxd8 Rxd8 31. Rc7+ Kg6 32. Rxa7 Rd6 33. Bd7 f5 34. b4 f4 35. b5 fxg3+ 36. Kxg3 Kh6 37. Ra6 1-0

[Event "Porto Sant Elpidio op 18th"]
[Site "Porto Sant Elpidio"]
[Date "2015.11.22"]
[Round "2"]
[White "Rinaudo, Sergio"]
[Black "Perogio, Lorenzo"]
[Result "1-0"]
[WhiteElo "2098"]
[BlackElo "1810"]
[PlyCount "81"]
[EventDate "2015.11.21"]
[EventType "swiss"]
[EventRounds "6"]
[EventCountry "ITA"]
[SourceTitle "EXT 2018"]
[Source "ChessBase"]
[SourceDate "2017.10.13"]
[SourceVersion "1"]
[SourceVersionDate "2017.10.13"]
[SourceQuality "1"]

1. d4 Nf6 2. Nf3 d6 3. Nbd2 Bf5 4. g3 Qd7 5. h3 Nc6 6. c3 e5 7. Bg2 h6 8. Qa4 e4 9. Nh4 Bh7 10. d5 Ne7 11. Qd4 Nf5 12. Nxf5 Qxf5 13. c4 g5 14. 0-0 Rg8 15. f3 Bg7 16. fxe4 Nxe4 17. Qxe4+ Qxe4 18. Bxe4 Bxe4 19. Nxe4 0-0-0 20. Rxf7 Rde8 21. Nf6 Bxf6 22. Rxf6 Rxe2 23. b3 Rge8 24. Rf2 Re1+ 25. Kg2 Rd1 26. Bb2 Rd3 27. Raf1 b5 28. Rf3 Rd2+ 29. R1f2 Rd1 30. Rf8 Rxf8 31. Rxf8+ Kb7 32. g4 Kb6 33. Bg7 bxc4 34. bxc4 Rc1 35. Bxh6 Rxc4 36. Bxg5 Kc5 37. Be3+ Kxd5 38. Bxa7 Ra4 39. Bf2 c5 40. g5 c4 41. g6 1-0

[Event "Porto Sant Elpidio op 18th"]
[Site "Porto Sant Elpidio"]
[Date "2015.11.21"]
[Round "1"]
[White "Squadrani, Giovanni"]
[Black "Rinaudo, Sergio"]
[Result "0-1"]
[WhiteElo "1719"]
[BlackElo "2098"]
[PlyCount "90"]
[EventDate "2015.11.21"]
[EventType "swiss"]
[EventRounds "6"]
[EventCountry "ITA"]
[SourceTitle "EXT 2018"]
[Source "ChessBase"]
[SourceDate "2017.10.13"]
[SourceVersion "1"]
[SourceVersionDate "2017.10.13"]
[SourceQuality "1"]

1. e4 e5 2. Nf3 Nf6 3. Nxe5 d6 4. Nf3 Nxe4 5. c4 Be7 6. Nc3 Nxc3 7. bxc3 0-0 8. d4 d5 9. Bd3 c5 10. 0-0 cxd4 11. cxd4 Nc6 12. c5 Bg4 13. Be2 Bf6 14. Be3 Re8 15. Qd3 Re4 16. Rfd1 Qe7 17. Rab1 Re8 18. h3 Bf5 19. Kf1 g6 20. Qb3 Rxe3 21. fxe3 Bxb1 22. Rxb1 Nxd4 23. Nxd4 Bxd4 24. exd4 Qxe2+ 25. Kg1 Qe4 26. Rd1 Qe3+ 27. Qxe3 Rxe3 28. Rb1 Re7 29. Kf2 Kf8 30. Kf3 Ke8 31. Rb2 Kd8 32. Rb3 Kc7 33. a4 Re4 34. Rb4 a5 35. Rb5 Rxd4 36. Rxa5 Kc6 37. Ke3 Rc4 38. Ra8 Kxc5 39. Rf8 Rxa4 40. Rxf7 Ra3+ 41. Kd2 h5 42. Rxb7 Ra2+ 43. Kd1 Rxg2 44. Rb3 Kc4 45. Rf3 d4 0-1

[Event "Porto San Giorgio op 26th"]
[Site "Porto San Giorgio"]
[Date "2015.08.29"]
[Round "8"]
[White "Rinaudo, Sergio"]
[Black "Ciampi, Vincenzo"]
[Result "1-0"]
[WhiteElo "2087"]
[BlackElo "2008"]
[PlyCount "113"]
[EventDate "2015.08.22"]
[EventType "swiss"]
[EventRounds "9"]
[EventCountry "ITA"]
[SourceTitle "EXT 2016"]
[Source "ChessBase"]
[SourceDate "2015.10.08"]
[SourceVersion "1"]
[SourceVersionDate "2015.10.08"]
[SourceQuality "1"]

1. d4 Nf6 2. Nf3 g6 3. Nbd2 Bg7 4. e4 d6 5. Bd3 0-0 6. 0-0 Nc6 7. c3 e5 8. dxe5 dxe5 9. Nc4 Nh5 10. Bg5 Qe8 11. Be3 b6 12. Re1 Bb7 13. Qc2 h6 14. Rad1 Qe6 15. Bc1 Rad8 16. b3 Qf6 17. Ne3 Ne7 18. Ng4 Qe6 19. Nxh6+ Bxh6 20. Bxh6 Nf4 21. Bxf4 exf4 22. h3 Qf6 23. e5 Qg7 24. Be4 Bc8 25. Rxd8 Rxd8 26. Rd1 Re8 27. Rd3 Qh6 28. Qd2 c5 29. Rd8 Rxd8 30. Qxd8+ Qf8 31. Qc7 Be6 32. Qxa7 Qd8 33. Kh2 Nc8 34. Qb8 Kg7 35. Bb7 g5 36. Bxc8 g4 37. Qd6 Qxc8 38. hxg4 Qh8+ 39. Kg1 Qh7 40. Ng5 Qb1+ 41. Kh2 Qxa2 42. Nxe6+ fxe6 43. Qe7+ Kh8 44. Qf6+ Kh7 45. Qxf4 Qxb3 46. Qf7+ Kh8 47. g5 Qxc3 48. Qf6+ Kh7 49. g6+ Kh6 50. g7+ Kh7 51. f4 Qe1 52. g8Q+ Kxg8 53. Qxe6+ Kf8 54. Qf6+ Kg8 55. e6 Kh7 56. e7 c4 57. Qe5 1-0

[Event "ITA-ch sf"]
[Site "Civitanova Marche"]
[Date "2014.07.19"]
[Round "1"]
[White "Bove, Alessandro"]
[Black "Rinaudo, Sergio"]
[Result "1-0"]
[WhiteElo "2323"]
[BlackElo "2132"]
[PlyCount "105"]
[EventDate "2014.07.19"]
[EventType "swiss"]
[EventRounds "9"]
[EventCountry "ITA"]
[SourceTitle "EXT 2024"]
[Source "ChessBase"]
[SourceDate "2023.10.10"]
[SourceVersion "1"]
[SourceVersionDate "2023.10.10"]
[SourceQuality "1"]

1. e4 e5 2. f4 exf4 3. d4 d5 4. exd5 Qxd5 5. Bxf4 Bb4+ 6. c3 Bd6 7. Bxd6 Qxd6 8. Na3 Nf6 9. Nb5 Qe7+ 10. Qe2 Be6 11. Qe5 Na6 12. 0-0-0 Bxa2 13. Qxe7+ Kxe7 14. c4 Bb3 15. Re1+ Kd8 16. Nf3 Ba4 17. Ne5 Rf8 18. Nc3 Bd7 19. Be2 Nb4 20. g4 Nc6 21. g5 Ne8 22. Nxd7 Kxd7 23. Bg4+ Kd8 24. c5 f6 25. h4 fxg5 26. hxg5 Rf4 27. Re4 Rxe4 28. Nxe4 Ke7 29. Rxh7 Nxd4 30. Nf6 Kf8 31. Rh8+ Kf7 32. Nxe8 Kg6 33. Rh1 Kxg5 34. Nxc7 Rb8 35. Ne6+ Kxg4 36. Rg1+ Kh5 37. Nxd4 g5 38. Kd2 Re8 39. b4 g4 40. Kd3 Re7 41. b5 Rc7 42. c6 bxc6 43. bxc6 Kh4 44. Kc4 Kh3 45. Kd5 g3 46. Kd6 Rc8 47. c7 Rg8 48. Kd7 g2 49. c8Q Rxc8 50. Kxc8 Kg3 51. Ra1 Kf2 52. Ra2+ Kg3 53. Ne2+ 1-0

[Event "Porto Sant Elpidio op-A 16th"]
[Site "Porto Sant Elpidio"]
[Date "2013.11.23"]
[Round "4"]
[White "Rinaudo, Sergio"]
[Black "Viviani, Alessio"]
[Result "1-0"]
[WhiteElo "2116"]
[BlackElo "2084"]
[PlyCount "65"]
[EventDate "2013.11.16"]
[EventType "swiss"]
[EventRounds "6"]
[EventCountry "ITA"]
[SourceTitle "EXT 2015"]
[Source "ChessBase"]
[SourceDate "2014.11.20"]
[SourceVersion "1"]
[SourceVersionDate "2014.11.20"]
[SourceQuality "1"]

1. d4 Nf6 2. Nf3 g6 3. Nbd2 d5 4. c4 c6 5. e3 Bg7 6. Bd3 0-0 7. 0-0 Re8 8. h3 a6 9. e4 dxe4 10. Nxe4 Nxe4 11. Bxe4 Qc7 12. Qc2 Nd7 13. Bd3 c5 14. d5 Ne5 15. Nxe5 Bxe5 16. Rb1 e6 17. Be3 exd5 18. cxd5 c4 19. Qxc4 Qxc4 20. Bxc4 Bf5 21. Rbd1 b5 22. Bd3 Bxd3 23. Rxd3 Bxb2 24. d6 Rab8 25. d7 Red8 26. Rfd1 Rb7 27. Bc5 Bf6 28. Bb4 Bg5 29. Ba5 f5 30. Bxd8 Bxd8 31. Re1 Kf7 32. Re8 Rb8 33. Rc3 1-0

[Event "Porto Sant Elpidio op-A 16th"]
[Site "Porto Sant Elpidio"]
[Date "2013.11.16"]
[Round "1"]
[White "Perogio, Lorenzo"]
[Black "Rinaudo, Sergio"]
[Result "0-1"]
[WhiteElo "1854"]
[BlackElo "2116"]
[PlyCount "62"]
[EventDate "2013.11.16"]
[EventType "swiss"]
[EventRounds "6"]
[EventCountry "ITA"]
[SourceTitle "EXT 2015"]
[Source "ChessBase"]
[SourceDate "2014.11.20"]
[SourceVersion "1"]
[SourceVersionDate "2014.11.20"]
[SourceQuality "1"]

1. e4 e5 2. d4 exd4 3. Qxd4 Nc6 4. Qe3 Nf6 5. Nc3 Bb4 6. Bd2 0-0 7. 0-0-0 Re8 8. Bc4 d6 9. Nh3 a5 10. f3 Ne5 11. Be2 Be6 12. a3 Bc5 13. Qg5 Nc4 14. Bxc4 Bxc4 15. Kb1 b5 16. b3 Be6 17. Nxb5 c6 18. e5 dxe5 19. Bb4 Qb8 20. Bxc5 Qxb5 21. Bd6 a4 22. Qxe5 Bd5 23. Qd4 axb3 24. c3 Re2 25. Rd2 c5 26. Qf4 Rxd2 27. Qxd2 Rxa3 28. Nf4 Qa5 29. Qb2 Ra2 30. Nxd5 Rxb2+ 31. Kxb2 Qa2+ 0-1

[Event "Morrovalle op 3rd"]
[Site "Trodica di Morrovalle"]
[Date "2013.08.17"]
[Round "2"]
[White "Perogio, Lorenzo"]
[Black "Rinaudo, Sergio"]
[Result "0-1"]
[WhiteElo "1868"]
[BlackElo "2122"]
[PlyCount "86"]
[EventDate "2013.08.16"]
[EventType "swiss"]
[EventRounds "5"]
[EventCountry "ITA"]
[SourceTitle "EXT 2015"]
[Source "ChessBase"]
[SourceDate "2014.11.20"]
[SourceVersion "1"]
[SourceVersionDate "2014.11.20"]
[SourceQuality "1"]

1. e4 e5 2. d4 exd4 3. Qxd4 Nc6 4. Qe3 Nf6 5. Nc3 Bb4 6. Bd2 0-0 7. 0-0-0 Re8 8. Bc4 d6 9. Nh3 Ne5 10. Bb3 a5 11. a3 Bc5 12. Qe2 Nc6 13. Ba2 h6 14. f3 Nd4 15. Qd3 Bd7 16. Be3 Ne6 17. g4 Bxe3+ 18. Qxe3 b5 19. g5 hxg5 20. Nxg5 b4 21. Bxe6 Bxe6 22. Nxe6 Rxe6 23. Nd5 Nxd5 24. Rxd5 Re5 25. Rhd1 Qh4 26. R5d2 Rb5 27. a4 Rc5 28. Rg1 Re8 29. Rdg2 g6 30. Qb3 Qf4+ 31. Kb1 Kf8 32. Qd3 Ree5 33. Rg3 Rh5 34. h3 Qh6 35. Qa6 Qd2 36. R3g2 Qe3 37. Qc8+ Ke7 38. Qg4 b3 39. c3 Qd3+ 40. Ka1 Rc4 41. e5 Rxg4 42. exd6+ cxd6 43. hxg4 Rd5 0-1

[Event "Civitanova Marche op"]
[Site "Civitanova Marche"]
[Date "2011.07.26"]
[Round "3"]
[White "Pedini, Dario"]
[Black "Rinaudo, Sergio"]
[Result "1-0"]
[WhiteElo "2188"]
[BlackElo "2144"]
[PlyCount "101"]
[EventDate "2011.07.24"]
[EventType "swiss"]
[EventRounds "7"]
[EventCountry "ITA"]
[SourceTitle "EXT 2014"]
[Source "ChessBase"]
[SourceDate "2013.11.20"]
[SourceVersion "1"]
[SourceVersionDate "2013.11.20"]
[SourceQuality "1"]

1. e4 e5 2. Nf3 Nf6 3. Nxe5 d6 4. Nf3 Nxe4 5. d4 d5 6. Bd3 Nc6 7. 0-0 Be7 8. Re1 Bg4 9. c3 f5 10. Nbd2 Qd6 11. Qc2 0-0 12. b4 a6 13. a4 Kh8 14. h3 Bh5 15. Ba3 Nxd2 16. Nxd2 Qf6 17. Qb3 Qg5 18. Be2 Bxe2 19. Rxe2 f4 20. Nf3 Qh5 21. Rae1 Bd6 22. c4 dxc4 23. Qxc4 a5 24. b5 Nb4 25. Rd1 h6 26. d5 Rfe8 27. Re6 Red8 28. Bb2 Kg8 29. Qe4 Rf8 30. b6 Qf7 31. Rg6 Rfe8 32. Qb1 Bf8 33. bxc7 Nxd5 34. Ne5 Qxc7 35. Rxd5 Rad8 36. Qd3 Rc8 37. Rd7 Qc2 38. Qxc2 Rxc2 39. Bd4 Rd2 40. Bb6 Ra2 41. Bd4 Rxa4 42. Nf3 Re7 43. Rd8 b5 44. Rb6 Rf7 45. Rbb8 Rf5 46. Nh4 Rf7 47. Ng6 Kh7 48. Nxf8+ Rxf8 49. Rxf8 Rxd4 50. Rh8+ Kg6 51. Rxb5 1-0

[Event "Porto San Giorgio Weekend-A 13th"]
[Site "Porto San Giorgio"]
[Date "2010.11.27"]
[Round "4"]
[White "Rinaudo, Sergio"]
[Black "Rinaudo, Andrea"]
[Result "1/2-1/2"]
[WhiteElo "2126"]
[BlackElo "2099"]
[PlyCount "20"]
[EventDate "2010.11.20"]
[EventType "swiss"]
[EventRounds "6"]
[EventCountry "ITA"]
[SourceTitle "EXT 2024"]
[Source "ChessBase"]
[SourceDate "2023.10.10"]
[SourceVersion "1"]
[SourceVersionDate "2023.10.10"]
[SourceQuality "1"]

1. c4 e6 2. d4 d5 3. Nf3 Nf6 4. g3 dxc4 5. Qa4+ Bd7 6. Qxc4 Bc6 7. Bg2 Nbd7 8. 0-0 Be7 9. Nc3 0-0 10. Rd1 h6 1/2-1/2